[Event "NK Senioren 2024"]
[Site "Dieren, Netherlands"]
[Date "2024.07.16"]
[Round "4"]
[White "Visser, Gerrit"]
[Black "Van Wageningen, Arie"]
[Result "0-1"]
[WhiteElo "1960"]
[BlackElo "2017"]
[PlyCount "48"]
[EventDate "2024.??.??"]

1. e4 e6 2. d4 d5 3. Nc3 Nf6 4. Bg5 dxe4 5. Nxe4 Be7 6. Nxf6+ Bxf6 7. Bxf6 Qxf6
8. Nf3 Nd7 9. Bd3 O-O 10. O-O c5 11. c3 b6 12. Be4 Rb8 13. Bc6 Rd8 14. Qa4 a5
15. Rfe1 cxd4 16. cxd4 Qf4 17. g3 Qd6 18. Ne5 Nf6 19. Rad1 Bb7 20. Bxb7 Rxb7
21. Qc6 Qxc6 22. Nxc6 Rc8 23. Rc1 Kf8 24. a3 Rbc7 0-1

[Event "NK Senioren 2024"]
[Site "Dieren, Netherlands"]
[Date "2024.07.16"]
[Round "4"]
[White "Wille, Erik"]
[WhiteElo "1901"]
[Black "Janssen, Toon"]
[BlackElo "1944"]
[Result "1/2-1/2"]

1.d4 Nf6 2.Nc3 g6 3.e4 d6 4.Bc4 Nc6 5.Bg5 Bg7 6.f3 e5 7.dxe5 Nxe5 8.Bb3 h6 9.Be3 a6 10.Qd2 b5 11.O-O-O Nc4 12.Bxc4 bxc4 13.e5 Nh7 14.exd6 Qxd6 15.Qf2 Qc6 16.Bc5 Rb8 17.Nh3 Qb7 18.Ba3 Be6 19.Rhe1 Bxc3 20.bxc3 Qb1+ 21.Kd2 Rd8+ 22.Ke2 Qxc2+ 23.Kf1 Qxf2+ 24.Nxf2 Rxd1 25.Rxd1 f5 26.Rd4 Nf6 27.Nd1 Kf7 28.Ne3 Rb8 29.Nxc4 Rb1+ 30.Kf2 Bxc4 31.Rxc4 Nd5 32.Rc5 Ra1 33.Rxd5 Rxa2+ 34.Kg3 Rxa3 35.Rd7+ Ke6 1/2-1/2

[Event "NK Senioren 2024"]
[Site "Dieren, Netherlands"]
[Date "2024.07.16"]
[Round "4"]
[White "Houweling, Bert"]
[Black "Goris, Ton"]
[Result "1-0"]
[WhiteElo "1980"]
[BlackElo "1917"]
[PlyCount "49"]
[EventDate "2024.??.??"]

1. e4 e6 2. d4 d5 3. Nd2 dxe4 4. Nxe4 Bd7 5. Nf3 Bc6 6. Bd3 Nd7 7. O-O Ngf6 8.
Bg5 Be7 9. Nxf6+ Bxf6 10. Bf4 O-O 11. Re1 Bxf3 12. Qxf3 c6 13. c3 g6 14. Rad1
Re8 15. Qg3 Qa5 16. a3 e5 17. dxe5 Bxe5 18. Bc4 Bxf4 19. Qxf4 Rxe1+ 20. Rxe1
Qf5 21. Qxf5 gxf5 22. Re7 Nb6 23. Bxf7+ Kf8 24. Rxb7 Rd8 25. g3 1-0

[Event "NK Senioren 2024"]
[Site "Dieren, Netherlands"]
[Date "2024.07.17"]
[Round "5"]
[White "Van Rijn, Anton"]
[WhiteElo "2208"]
[Black "Dijkstra, Matthijs"]
[BlackElo "1981"]
[Result "1-0"]

1. d4 f5 2. Bg5 h6 3. Bh4 g5 4. e4 Rh7 5. Qh5+ Rf7 6. Bxg5 hxg5 7. Nf3 Nf6 8.
Qg6 Nxe4 9. Ne5 Nd6 10. h4 g4 11. h5 e6 12. Nxf7 Nxf7 13. h6 Qg5 14. Qxg5 Nxg5
15. h7 Nxh7 16. Rxh7 Nc6 17. c3 b6 18. Nd2 Bb7 19. O-O-O O-O-O 20. Be2 Ne7 21.
f3 gxf3 22. Bxf3 Nd5 23. Rdh1 c5 24. Nc4 cxd4 25. cxd4 Nf4 26. R1h2 Ba6 27. b3
Bb4 28. Kc2 Bb7 29. a3 Bf8 30. Bxb7+ Kxb7 31. Rf7 b5 32. Ne5 Bxa3 33. Nxd7 Kc6
34. Ne5+ Kd5 35. g3 Rc8+ 36. Kd2 Bc1+ 37. Kd1 Kxd4 38. Nf3+ Ke3 39. Ne1 Ba3 40.
Nc2+ Kf3 41. gxf4 Rd8+ 42. Rd2 1-0

[Event "NK Senioren 2024"]
[Site "Dieren, Netherlands"]
[Date "2024.07.17"]
[Round "5"]
[White "Van Oosten, Arend"]
[Black "Homs, Guust"]
[Result "1/2-1/2"]
[WhiteElo "2031"]
[BlackElo "2142"]
[PlyCount "72"]
[EventDate "2024.??.??"]

1. e4 e5 2. Bc4 Nf6 3. d3 Bc5 4. Nf3 Nc6 5. c3 d6 6. Bb3 a6 7. Nbd2 O-O 8. O-O
Ba7 9. h3 h6 10. Re1 Re8 11. Nf1 Be6 12. Ng3 Rb8 13. Bc2 Ne7 14. Nh4 Kh7 15.
Qf3 Nfg8 16. Nhf5 g6 17. Nxe7 Qxe7 18. Be3 Bxe3 19. Qxe3 Qg5 20. d4 Qxe3 21.
Rxe3 f6 22. Ne2 Ne7 23. f4 g5 24. fxe5 fxe5 25. Bb3 Bxb3 26. axb3 exd4 27. Nxd4
Nd5 28. Ree1 Nf4 29. Rad1 Re7 30. Nf5 Re5 31. Kf2 Rbe8 32. Kf3 Ne6 33. b4 a5
34. bxa5 Rxa5 35. g4 Re5 36. Re3 Nc5 1/2-1/2

[Event "NK Senioren 2024"]
[Site "Dieren, Netherlands"]
[Date "2024.07.17"]
[Round "5"]
[White "Bus, Tom"]
[Black "Schouten, Henk"]
[Result "1/2-1/2"]
[WhiteElo "2075"]
[BlackElo "2068"]
[PlyCount "95"]
[EventDate "2024.??.??"]

1. c4 c5 2. g3 Nc6 3. Bg2 g6 4. Nc3 Bg7 5. a3 d6 6. Rb1 a5 7. d3 Nf6 8. Nf3 Bd7
9. O-O O-O 10. Bd2 Qc8 11. Re1 Re8 12. Bg5 Ra6 13. Qd2 Bh3 14. Bxh3 Qxh3 15.
Bxf6 exf6 16. Nd5 Qc8 17. Qf4 Re6 18. d4 Ne7 19. dxc5 dxc5 20. Qc7 Qe8 21. Qxb7
Nxd5 22. Qxd5 Bf8 23. Qd3 Qa4 24. b3 Qxa3 25. Ra1 Qb2 26. Rab1 Qa3 27. Qc2 a4
28. Nd2 Qb4 29. bxa4 Qxa4 30. Qxa4 Rxa4 31. Rb8 Kg7 32. Rc8 Rb4 33. Rd8 Be7 34.
Rd7 f5 35. e3 Rd6 36. Rxd6 Bxd6 37. Rc1 Be5 38. Nf3 Kf6 39. Kg2 h6 40. Rc2 Ra4
41. Ne1 Bd6 42. Kf3 Ke6 43. Ke2 g5 44. f4 f6 45. Kd3 Ra1 46. Ke2 Be7 47. Rd2
Ra4 48. Rc2 1/2-1/2

[Event "NK Senioren 2024"]
[Site "Dieren, Netherlands"]
[Date "2024.07.17"]
[Round "5"]
[White "Ten Ham, John"]
[Black "Bottema, Tom"]
[Result "0-1"]
[WhiteElo "1954"]
[BlackElo "2140"]
[PlyCount "82"]
[EventDate "2024.??.??"]

1. d4 g6 2. c4 Bg7 3. Nc3 d6 4. Nf3 e5 5. dxe5 dxe5 6. Qxd8+ Kxd8 7. e4 c6 8.
Be2 f6 9. Be3 Be6 10. Rd1+ Nd7 11. Na4 Kc7 12. Nc5 Nxc5 13. Bxc5 Nh6 14. Bd6+
Kc8 15. O-O Nf7 16. Bb4 Bf8 17. Bxf8 Rxf8 18. b4 Kc7 19. Nd2 a5 20. b5 c5 21.
Rc1 Rfd8 22. Nb3 b6 23. Rfd1 Rxd1+ 24. Rxd1 Nd6 25. Nd2 Rd8 26. f3 Nxc4 27.
Nxc4 Rxd1+ 28. Bxd1 Bxc4 29. a4 Bd3 30. Kf2 Kd6 31. Ke3 c4 32. Kd2 Kc5 33. Kc3
g5 34. g3 h6 35. h3 Bf1 36. h4 Bd3 37. hxg5 hxg5 38. f4 Bxe4 39. Be2 exf4 40.
gxf4 gxf4 41. Bxc4 Bc2 0-1

[Event "NK Senioren 2024"]
[Site "Dieren, Netherlands"]
[Date "2024.07.17"]
[Round "5"]
[White "Hageman, Ger"]
[Black "Van den Dikkenberg, Erik"]
[Result "1-0"]
[WhiteElo "1925"]
[BlackElo "2110"]
[PlyCount "89"]
[EventDate "2024.??.??"]

1. d4 Nf6 2. c4 g6 3. Nc3 Bg7 4. e4 d6 5. Nf3 O-O 6. Be2 e5 7. d5 a5 8. Bg5 Na6
9. O-O Nc5 10. Nd2 h6 11. Be3 b6 12. a3 Ne8 13. b4 axb4 14. axb4 Rxa1 15. Qxa1
Nd7 16. Nb3 f5 17. f3 Qe7 18. Qa7 fxe4 19. fxe4 Rxf1+ 20. Bxf1 Ndf6 21. Bxb6
Ng4 22. h3 Qg5 23. hxg4 cxb6 24. Qxb6 Nf6 25. Be2 Bxg4 26. Qf2 Bxe2 27. Qxe2
Ng4 28. Qd2 Qh4 29. c5 Bf6 30. Kf1 Bg5 31. Qe1 Qh1+ 32. Ke2 Qxg2+ 33. Kd3 Qb2
34. Qb1 Qf2 35. cxd6 Qe3+ 36. Kc4 Nf2 37. Nc5 Qd4+ 38. Kb3 Bd8 39. Ne6 Qb6 40.
Nxd8 Qxd8 41. Qg1 Qf6 42. d7 Nd3 43. Qe3 Nf4 44. Qc5 Nd3 45. Qc8+ 1-0

[Event "NK Senioren 2024"]
[Site "Dieren, Netherlands"]
[Date "2024.07.17"]
[Round "5"]
[White "Leenes, Robert"]
[Black "Hazenberg, Frans"]
[Result "0-1"]
[WhiteElo "2100"]
[BlackElo "1947"]
[PlyCount "78"]
[EventDate "2024.??.??"]

1. d4 Nf6 2. Nc3 e6 3. e4 d5 4. Bg5 Be7 5. e5 Nfd7 6. h4 a6 7. Qg4 f6 8. Bf4 g6
9. Nf3 c5 10. Bd3 f5 11. Qg3 cxd4 12. Nxd4 Nc5 13. O-O-O Bd7 14. Nf3 Rg8 15.
Bxf5 exf5 16. Nxd5 Ne4 17. Qh2 Qa5 18. e6 Bxe6 19. Nc7+ Kf7 20. Nxe6 Kxe6 21.
Kb1 Nc6 22. Ng5+ Nxg5 23. hxg5 Rg7 24. Qh3 Qb5 25. g4 Kf7 26. gxf5 Qxf5 27.
Qb3+ Kf8 28. Rh3 Rd8 29. Rxd8+ Nxd8 30. Bc7 Rf7 31. Rd3 Qxg5 32. a3 Bf6 33. Qb6
Nc6 34. Qxb7 Qb5 35. Qc8+ Kg7 36. Rb3 Qf1+ 37. Ka2 Qxf2 38. Bd6 Qxc2 39. Rb7
Nb4+ 0-1

[Event "NK Senioren 2024"]
[Site "Dieren, Netherlands"]
[Date "2024.07.17"]
[Round "5"]
[White "Jonkman, Fokke"]
[Black "Schouten, Nico"]
[Result "1/2-1/2"]
[WhiteElo "1996"]
[BlackElo "2094"]
[PlyCount "129"]
[EventDate "2024.??.??"]

1. c4 e5 2. Nc3 d6 3. Nf3 Nf6 4. d4 exd4 5. Nxd4 Be7 6. g3 O-O 7. Bg2 c6 8. O-O
Na6 9. a3 Nc7 10. b4 d5 11. c5 Re8 12. Qc2 Bf8 13. Bb2 Ng4 14. Rad1 Qg5 15. h3
Nf6 16. Qd3 Qg6 17. Qxg6 hxg6 18. e3 Ne6 19. Nce2 Bd7 20. Rc1 a5 21. Ra1 Ra6
22. Nf3 b6 23. cxb6 axb4 24. b7 Rb6 25. axb4 Rxb7 26. Ba3 Bxb4 27. Bxb4 Rxb4
28. Ne5 Nc7 29. Nxd7 Nxd7 30. Ra7 Rc8 31. Nd4 Rc4 32. Rb1 Ne5 33. f4 Nd3 34.
Bf1 Rc3 35. Rbb7 Ne8 36. Rxf7 Nc5 37. Rfe7 Nb3 38. Ba6 Rb8 39. Nxb3 Rcxb3 40.
Kf2 Rc3 41. Be2 Kh8 42. h4 Rc2 43. Kf3 Rd2 44. g4 d4 45. exd4 Rxd4 46. g5 Rb3+
47. Re3 Rb8 48. Bd3 Nd6 49. Bxg6 Rf8 50. Be4 c5 51. Ra8 Rxa8 52. Bxa8 g6 53.
Be4 Nc4 54. Bxg6 Nxe3 55. Kxe3 Rd6 56. h5 c4 57. Bc2 c3 58. h6 Rd2 59. Be4 Rh2
60. Kd4 c2 61. Bxc2 Rxc2 62. g6 Rh2 63. h7 Kg7 64. f5 Rh1 65. Ke5 1/2-1/2

[Event "NK Senioren 2024"]
[Site "Dieren, Netherlands"]
[Date "2024.07.17"]
[Round "5"]
[White "Boersma, Jan"]
[Black "Vogel, Jaap"]
[Result "1/2-1/2"]
[WhiteElo "2041"]
[BlackElo "2020"]
[PlyCount "38"]
[EventDate "2024.??.??"]

1. e4 e6 2. d4 d5 3. Nc3 Bb4 4. Nge2 Nf6 5. Bg5 dxe4 6. a3 Be7 7. Bxf6 Bxf6 8.
Nxe4 Nd7 9. g3 O-O 10. Bg2 e5 11. O-O c6 12. c3 Be7 13. Qb3 Qb6 14. Qc2 exd4
15. Nxd4 Nf6 16. Rfe1 c5 17. Ng5 Bd8 18. Nf5 h6 19. Nf3 Bxf5 1/2-1/2

[Event "NK Senioren 2024"]
[Site "Dieren, Netherlands"]
[Date "2024.07.17"]
[Round "5"]
[White "Lootsma, Jan"]
[WhiteElo "1963"]
[Black "Ellenbroek, Ton"]
[BlackElo "2037"]
[Result "1/2-1/2"]

1. e4 e5 2. Nf3 Nc6 3. Bc4 Nf6 4. Qe2 Bc5 5. c3 d6 6. h3 O-O 7. O-O a5 8. Rd1 Ba7
9. d4 Qe8 10. Bg5 exd4 11. Bxf6 gxf6 12. cxd4 f5 13. Nc3 fxe4 14. Nxe4 Kh8 15. Nf6
Qxe2 16. Bxe2 Bf5 17. Rac1 Rac8 18. d5 Ne5 19. Nxe5 dxe5 20. Bb5 Bd4 21. Rd2 Rfd8
22. g4 c6 23. gxf5 cxb5 24. Rxc8 Rxc8 25. d6 Rd8 26. Rc2 b6 27. Rc6 e4 28. Nxe4
Bxb2 29. Rxb6 b4 30. Rb5 Ra8 31. Kg2 Kg7 32. Kf3 Bf6 33. Rc5 a4 34. d7 Rd8 35. Rd5
b3 36. axb3 axb3 37. Rb5 b2 38. Nxf6 Kxf6 39. Rxb2 Rxd7 40. Kg4 Kg7  1/2-1/2

[Event "NK Senioren 2024"]
[Site "Dieren, Netherlands"]
[Date "2024.07.17"]
[Round "5"]
[White "Van Wageningen, Arie"]
[Black "Etmans, Maarten"]
[Result "1/2-1/2"]
[WhiteElo "2017"]
[BlackElo "1954"]
[PlyCount "114"]
[EventDate "2024.??.??"]

1. Nf3 Nf6 2. c4 e6 3. d4 Bb4+ 4. Bd2 Bxd2+ 5. Nbxd2 d5 6. e3 b6 7. Qc2 Nbd7 8.
Rc1 c5 9. Be2 Bb7 10. O-O O-O 11. Rfd1 Qe7 12. Ne5 Nxe5 13. dxe5 Nd7 14. f4 f6
15. exf6 Qxf6 16. Bf3 Rab8 17. g3 Rfd8 18. Re1 Nf8 19. Rcd1 d4 20. Bxb7 Rxb7
21. Nf3 dxe3 22. Rxd8 Qxd8 23. Rxe3 Rd7 24. Re1 h6 25. Qe2 Rd3 26. Qe4 Rd1 27.
Kf2 Rd3 28. Re2 Rd1 29. a3 Qd6 30. Qe3 Rd3 31. Rd2 Rxd2+ 32. Qxd2 Qxd2+ 33.
Nxd2 Kf7 34. Ke3 Ke7 35. h3 Nd7 36. g4 g6 37. Nf3 a6 38. b3 Nb8 39. Ne5 Kf6 40.
Ke4 g5 41. Kf3 Ke7 42. Kg3 b5 43. h4 Kf6 44. hxg5+ hxg5 45. Kf3 bxc4 46. bxc4
a5 47. a4 Na6 48. Ke4 gxf4 49. Kxf4 Nb8 50. g5+ Kg7 51. Kg4 Kh7 52. g6+ Kh6 53.
Kf4 Na6 54. Nc6 Kxg6 55. Ke5 Nb4 56. Nxa5 Nd3+ 57. Kxe6 Nb2 1/2-1/2

[Event "NK Senioren 2024"]
[Site "Dieren, Netherlands"]
[Date "2024.07.17"]
[Round "5"]
[White "Helmond, Frans"]
[Black "Beukema, Henk Jan"]
[Result "0-1"]
[WhiteElo "1957"]
[BlackElo "1971"]
[PlyCount "100"]
[EventDate "2024.??.??"]

1. e4 c6 2. Nc3 d5 3. Nf3 dxe4 4. Nxe4 Nf6 5. Qe2 Qd5 6. Nc3 Qh5 7. Ne5 Qxe2+
8. Bxe2 Bf5 9. Bc4 e6 10. d3 Nbd7 11. Nxd7 Nxd7 12. Be3 Nb6 13. Bb3 Nd5 14.
Nxd5 exd5 15. O-O Bd6 16. h3 h5 17. Rfe1 O-O 18. Re2 Rfe8 19. Rae1 Re7 20. Bg5
Rxe2 21. Rxe2 Kf8 22. Kf1 Re8 23. Rxe8+ Kxe8 24. Ke2 Kd7 25. Ke3 f6 26. Bf4 g5
27. Bxd6 Kxd6 28. d4 h4 29. c3 Be4 30. f3 Bb1 31. a3 b6 32. Bd1 c5 33. f4 Be4
34. Bf3 Bf5 35. Be2 Be4 36. Bf1 Ke6 37. fxg5 fxg5 38. dxc5 bxc5 39. c4 Ke5 40.
cxd5 Bxd5 41. Kf2 Kf4 42. Ba6 c4 43. Bc8 Ke4 44. g3 Kd3 45. gxh4 gxh4 46. Bf5+
Kd2 47. a4 a5 48. Bd7 Kc2 49. Ke3 Kxb2 50. Kd4 Bf7 0-1

[Event "NK Senioren 2024"]
[Site "Dieren, Netherlands"]
[Date "2024.07.17"]
[Round "5"]
[White "Veenstra, Wopke"]
[WhiteElo "1961"]
[Black "Massink, Henk"]
[BlackElo "1924"]
[Result "1-0"]

1. e4 b6 2. d4 Bb7 3. Bd3 Nf6 4. Qe2 Nc6 5. Nf3 Nb4 6. O-O Nxd3 7. cxd3 e6 8. Nc3 Be7 9. Bf4 d6 10. Rac1 O-O 11. Rfe1 Re8 12. Nb5 c6 13. Nc3 Rc8 (13... c5 14. dxc5 bxc5) 14. h3 d5 15. Qe3 Ba6 16. Red1 Nd7 17. a3 Nf8 18. Ne5 f6 19. Nf3 Ng6 20. Bh2 Bf8 21. h4 e5 22. h5 exd4 23. Qxd4 Ne5 24. Nxe5 fxe5 25. Qa4 Bb7 26. Qxa7 Qc7 27. Nxd5 Qf7 28. Nxb6 Rc7 29. Qa4 Qxh5 30. Nd5 Rf7 31. Ne3 Re6 32. Rd2 Rh6 33. Nf1 Be7 34. Qd1 Bg5 35. Qxh5 Rxh5 36. Ne3 Rf6 37. g3 Rfh6 38. f4 exf4 39. gxf4 Rxh2 40. Rxh2 Rxh2 41. fxg5 Rxb2 42. Nc4 Ba6 43. Nxb2 1-0

[Event "NK Senioren 2024"]
[Site "Dieren, Netherlands"]
[Date "2024.07.17"]
[Round "5"]
[White "Poelstra, Ben"]
[Black "Knuiman, Jan"]
[Result "1/2-1/2"]
[WhiteElo "1974"]
[BlackElo "1998"]
[PlyCount "81"]
[EventDate "2024.??.??"]

1. e4 d5 2. exd5 Qxd5 3. Nc3 Qd6 4. d4 Nf6 5. Nf3 a6 6. Bd3 Nc6 7. h3 Nb4 8.
Bc4 b5 9. Bb3 Bb7 10. a4 Nbd5 11. Nxd5 Nxd5 12. axb5 axb5 13. Rxa8+ Bxa8 14.
O-O e6 15. Qd3 c6 16. Bg5 Be7 17. Ra1 O-O 18. Bxd5 exd5 19. Ra7 Bxg5 20. Nxg5
g6 21. Nxf7 Rxf7 22. Rxa8+ Kg7 23. c3 b4 24. cxb4 Qxb4 25. Qc3 Qb7 26. Re8 Qa6
27. Qe1 Qc4 28. Qe5+ Kh6 29. Qe3+ Kg7 30. h4 Qc2 31. Re7 Rxe7 32. Qxe7+ Kg8 33.
Qe8+ Kg7 34. Qd7+ Kg8 35. Qd8+ Kg7 36. Qc7+ Kg8 37. b4 Qb1+ 38. Kh2 Qxb4 39.
Qxc6 Qxd4 40. Qe8+ Kg7 41. Qe7+ 1/2-1/2

[Event "NK Senioren 2024"]
[Site "Dieren, Netherlands"]
[Date "2024.07.17"]
[Round "5"]
[White "Janssen, Toon"]
[WhiteElo "1944"]
[Black "Houweling, Bert"]
[BlackElo "1980"]
[Result "0-1"]

1. Nf3 c5 2. g3 d5 3. Bg2 Nc6 4. O-O Nf6 5. c4 d4 6. d3 e5 7. b4 cxb4 8. a3 a5
9. e3 dxe3 10. Bxe3 Be6 11. Qe2 Qc7 12. h3 h6 13. Rd1 Rd8 14. axb4 Bxb4 15. Na3
O-O 16. Nb5 Qc8 17. Kh2 Rfe8 18. Bb6 Rd7 19. g4 e4 20. dxe4 Rxd1 21. Rxd1 Bxg4
22. hxg4 Rxe4 23. Qxe4 Nxe4 24. Ne5 Nxf2 25. Bxc6 Nxd1 26. Bd5 Qb8 27. Bc7 Qxc7
28. Nxc7 Bd6 29. Na8 Bxe5+ 30. Kh3 a4 31. Nb6 a3 32. c5 Nc3 0-1

[Event "NK Senioren 2024"]
[Site "Dieren, Netherlands"]
[Date "2024.07.17"]
[Round "5"]
[White "Perrenet, Jacob"]
[Black "Visser, Gerrit"]
[Result "0-1"]
[WhiteElo "1970"]
[BlackElo "1960"]
[PlyCount "54"]
[EventDate "2024.??.??"]

1. g4 d5 2. h3 e5 3. Bg2 Nc6 4. c4 Be6 5. Nc3 d4 6. Nd5 Nf6 7. Nxf6+ gxf6 8. d3
f5 9. Qb3 Rb8 10. Nf3 Bb4+ 11. Bd2 Bxd2+ 12. Nxd2 fxg4 13. hxg4 Qd6 14. a3 Bxg4
15. O-O-O Be6 16. Ne4 Qe7 17. Rdg1 b5 18. Nf6+ Qxf6 19. Bxc6+ Bd7 20. Be4 h5
21. Rxh5 Rxh5 22. Rg8+ Ke7 23. Qb4+ Qd6 24. Rxb8 c5 25. Qd2 Qxb8 26. Bf3 Rf5
27. Bg4 Rf4 0-1

[Event "NK Senioren 2024"]
[Site "Dieren, Netherlands"]
[Date "2024.07.17"]
[Round "5"]
[White "Goris, Ton"]
[Black "Wille, Erik"]
[Result "1/2-1/2"]
[WhiteElo "1917"]
[BlackElo "1901"]
[PlyCount "54"]
[EventDate "2024.??.??"]

1. e4 e6 2. d4 d5 3. e5 c5 4. c3 Nc6 5. Nf3 Qb6 6. a3 c4 7. Nbd2 Na5 8. Be2 Bd7
9. O-O Ne7 10. Rb1 Rc8 11. h3 h6 12. Qe1 Ba4 13. Bd1 Nb3 14. Nxb3 cxb3 15. Be3
a5 16. Nd2 Bb5 17. Be2 a4 18. c4 dxc4 19. d5 Qa6 20. d6 Nd5 21. Bd4 Nf4 22. Bc3
g6 23. Ne4 Bg7 24. Qd2 Nd5 25. Bd4 O-O 26. Rbc1 Qc6 27. Bf3 b6 1/2-1/2

[Event "NK Senioren 2024"]
[Site "Dieren, Netherlands"]
[Date "2024.07.18"]
[Round "6"]
[White "Bus, Tom"]
[WhiteElo "2075"]
[Black "Van Rijn, Anton"]
[BlackElo "2208"]
[Result "1/2-1/2"]

1. e4 d6 2. d4 Nf6 3. Nc3 g6 4. Nf3 Bg7 5. Be2 O-O 6. O-O a6 7. a4 Nc6 8. a5 e5
9. d5 Ne7 10. Nd2 Ne8 11. Na4 Bd7 12. c4 b5 13. axb6 cxb6 14. Nc3 a5 15. Ndb1
Nc7 16. Na3 Na6 17. Nab5 Be8 18. Be3 Nc5 19. Qc2 Rb8 20. Rfb1 Rb7 21. b4 axb4
22. Rxb4 f5 23. f3 Kh8 24. Kh1 Ng8 25. Qc1 Qb8 26. Qg1 Rff7 27. Rab1 Bf8 28.
Qc1 Nf6 29. Qc2 Nfd7 30. Ra1 Qd8 31. Rb2 Kg8 32. Rba2 Nb8 33. Kg1 f4 34. Bf2 g5
35. Ra8 Qf6 36. Na7 Rg7 37. Nc6 Nxc6 38. dxc6 Bxc6 39. Rc8 Rbc7 40. Rxc7 Rxc7
41. Nd5 Bxd5 42. cxd5 Qd8 43. Qb1 Qb8 44. Qb5 Be7 45. h3 Kf7 46. Rb1 Qc8 47.
Kh2 Qd7 48. Qb4 Ra7 49. Bb5 Qc7 50. Rb2 Bd8 51. g3 fxg3+ 52. Bxg3 Kf8 53. Qc4
1/2-1/2

[Event "NK Senioren 2024"]
[Site "Dieren, Netherlands"]
[Date "2024.07.18"]
[Round "6"]
[White "Homs, Guust"]
[Black "Hageman, Ger"]
[Result "1-0"]
[WhiteElo "2142"]
[BlackElo "1925"]
[PlyCount "41"]
[EventDate "2024.??.??"]

1. e4 e5 2. Bc4 Nf6 3. d3 Nc6 4. Nf3 h6 5. c3 d6 6. O-O g5 7. Bb3 Bg7 8. Nbd2
O-O 9. Nc4 Ne7 10. Ne3 c6 11. h4 g4 12. Nh2 Ng6 13. g3 Qd7 14. Nf5 h5 15. f3 d5
16. Qd2 dxe4 17. fxe4 Nd5 18. exd5 cxd5 19. Nxg7 Kxg7 20. Qh6+ Kg8 21. Bg5 1-0

[Event "NK Senioren 2024"]
[Site "Dieren, Netherlands"]
[Date "2024.07.18"]
[Round "6"]
[White "Hazenberg, Frans"]
[Black "Bottema, Tom"]
[Result "0-1"]
[WhiteElo "1947"]
[BlackElo "2140"]
[PlyCount "90"]
[EventDate "2024.??.??"]

1. d4 g6 2. c4 Bg7 3. Nf3 d6 4. g3 c6 5. Bg2 e5 6. dxe5 dxe5 7. Qxd8+ Kxd8 8.
O-O f6 9. Nc3 Be6 10. b3 Nh6 11. Bb2 Nd7 12. Rac1 Kc7 13. Rfd1 Rad8 14. e3 Nf7
15. Rd2 Nc5 16. Rcd1 Rxd2 17. Rxd2 Rd8 18. Rxd8 Kxd8 19. Bf1 g5 20. Ba3 Nd7 21.
Nd2 f5 22. e4 f4 23. c5 g4 24. Bc4 Nf8 25. b4 Bh6 26. Bxe6 Nxe6 27. Nc4 Nd4 28.
Bb2 Nf3+ 29. Kg2 Ne1+ 30. Kf1 Nd3 31. Ba3 f3 32. b5 Bf8 33. bxc6 bxc6 34. Na4
Ng5 35. Ncb2 Nxb2 36. Nxb2 Nxe4 37. Nc4 Bg7 38. Bb2 Kd7 39. Bxe5 Nd2+ 40. Nxd2
Bxe5 41. Ne4 Bd4 42. Ke1 Ke6 43. Kd2 Ke5 44. Kd3 h5 45. a3 Kd5 0-1

[Event "NK Senioren 2024"]
[Site "Dieren, Netherlands"]
[Date "2024.07.18"]
[Round "6"]
[White "Beukema, Henk Jan"]
[Black "Van Oosten, Arend"]
[Result "0-1"]
[WhiteElo "1971"]
[BlackElo "2031"]
[PlyCount "72"]
[EventDate "2024.??.??"]

1. Nf3 e6 2. g3 f5 3. Bg2 Nf6 4. c4 c6 5. O-O d5 6. d3 Bd6 7. Nc3 O-O 8. e4
dxe4 9. dxe4 e5 10. Qb3 Kh8 11. exf5 Na6 12. Nh4 Ng8 13. Rd1 Qc7 14. Ne4 Be7
15. Bg5 Nc5 16. Nxc5 Bxc5 17. Be3 Be7 18. Nf3 Bxf5 19. Re1 Nf6 20. h3 Nd7 21.
Bg5 Bc5 22. Be3 Bxh3 23. Bxh3 Rxf3 24. Bg4 Rf7 25. Bxd7 Bxe3 26. Qxe3 Qxd7 27.
Qxe5 Raf8 28. Re2 h6 29. Rae1 Rf5 30. Qe4 Qf7 31. Qd4 c5 32. Qg4 Rxf2 33. Re7
Qf6 34. Rxb7 Rf1+ 35. Rxf1 Qxf1+ 36. Kh2 Rf2# 0-1

[Event "NK Senioren 2024"]
[Site "Dieren, Netherlands"]
[Date "2024.07.18"]
[Round "6"]
[White "Dijkstra, Matthijs"]
[Black "Veenstra, Wopke"]
[Result "1/2-1/2"]
[WhiteElo "1981"]
[BlackElo "1961"]
[PlyCount "146"]
[EventDate "2024.??.??"]

1. c4 Nf6 2. g3 g6 3. Bg2 Bg7 4. Nc3 O-O 5. e4 d6 6. Nge2 c5 7. O-O Nc6 8. d3
Bg4 9. f3 Bd7 10. Be3 a6 11. Qd2 Rb8 12. d4 cxd4 13. Nxd4 Ne8 14. Rad1 Nxd4 15.
Bxd4 Bxd4+ 16. Qxd4 Nc7 17. b3 b5 18. cxb5 Nxb5 19. Nxb5 Bxb5 20. Rf2 Qc7 21.
f4 Rfc8 22. Bh3 Rd8 23. f5 f6 24. fxg6 hxg6 25. Qd2 Kg7 26. Rc1 Qb7 27. Qe3 Bd7
28. Bg2 Qb6 29. Qxb6 Rxb6 30. Rfc2 Rbb8 31. Rc7 Rbc8 32. Bf1 a5 33. Kf2 Rxc7
34. Rxc7 Kf8 35. Ke3 Ke8 36. a4 Rc8 37. Rxc8+ Bxc8 38. Bb5+ Kd8 39. h4 Bg4 40.
Kd4 e6 41. Bd3 e5+ 42. Kd5 Kc7 43. Bb5 f5 44. exf5 gxf5 45. Bf1 Bd1 46. Kc4 Kc6
47. Bg2+ e4 48. Kc3 Kc5 49. Bh3 f4 50. gxf4 d5 51. Be6 d4+ 52. Kd2 Bh5 53. f5
Bg4 54. Bc8 Kd6 55. Kc2 Ke5 56. f6 Bh5 57. b4 d3+ 58. Kc1 e3 59. f7 d2+ 60. Kb2
Bxf7 61. Bg4 axb4 62. Be2 Kd4 63. h5 Bc4 64. h6 Bxe2 65. h7 d1=Q 66. h8=Q+ Ke4
67. Qh4+ Kf3 68. Qh3+ Kf2 69. Qh2+ Ke1 70. Qh4+ Kf1 71. Qh1+ Kf2 72. Qh2+ Ke1
73. Qh4+ Kf1 1/2-1/2

[Event "NK Senioren 2024"]
[Site "Dieren, Netherlands"]
[Date "2024.07.18"]
[Round "6"]
[White "Schouten, Henk"]
[Black "Van den Dikkenberg, Erik"]
[Result "0-1"]
[WhiteElo "2068"]
[BlackElo "2110"]
[PlyCount "78"]
[EventDate "2024.??.??"]

1. e4 c5 2. Nf3 d6 3. d4 cxd4 4. Nxd4 Nf6 5. Nc3 a6 6. Bg5 Nbd7 7. Be2 b5 8. a3
Bb7 9. f3 Rc8 10. O-O g6 11. Qd2 Bg7 12. Kh1 O-O 13. Bh6 Bxh6 14. Qxh6 e5 15.
Nb3 d5 16. exd5 Nxd5 17. Nxd5 Bxd5 18. Qd2 Bxb3 19. cxb3 Nc5 20. Qxd8 Rfxd8 21.
Bd1 Ne6 22. Rf2 Kg7 23. Kg1 f5 24. b4 Kf6 25. Kf1 Rd4 26. g3 Rd3 27. Rb1 h5 28.
Be2 Re3 29. Re1 Nd4 30. Bd1 f4 31. Rd2 Rc1 32. gxf4 Rxe1+ 33. Kxe1 Nxf3+ 34.
Ke2 Nxd2 35. fxe5+ Kxe5 36. Kxd2 Rc6 37. Bf3 Rc7 38. b3 Kf4 39. Be2 Rd7+ 0-1

[Event "NK Senioren 2024"]
[Site "Dieren, Netherlands"]
[Date "2024.07.18"]
[Round "6"]
[White "Vogel, Jaap"]
[Black "Leenes, Robert"]
[Result "0-1"]
[WhiteElo "2020"]
[BlackElo "2100"]
[PlyCount "94"]
[EventDate "2024.??.??"]

1. d4 d5 2. Nf3 e6 3. Bf4 Nf6 4. e3 Bd6 5. c3 c5 6. Bg3 Nc6 7. Nbd2 Bxg3 8.
hxg3 Qd6 9. Bb5 Bd7 10. Qc2 Ne7 11. Bxd7+ Qxd7 12. dxc5 Qb5 13. b4 O-O 14. a4
Qd7 15. g4 Ng6 16. g5 Ng4 17. Nh4 b6 18. Nb3 f5 19. Nxg6 hxg6 20. Qe2 Qe7 21.
f3 Ne5 22. f4 Ng4 23. Qf3 a5 24. O-O Rfc8 25. Rfc1 axb4 26. cxb4 Qb7 27. b5
bxc5 28. Nxc5 Qb6 29. Nd7 Rxc1+ 30. Rxc1 Qa7 31. Ne5 Nxe5 32. fxe5 Qxa4 33. Qe2
Rb8 34. Kf2 Qh4+ 35. Kg1 Qxg5 36. Rc6 f4 37. exf4 Qxf4 38. Rxe6 Qc1+ 39. Qf1
Qc5+ 40. Qf2 Qxb5 41. Rd6 Rf8 42. Qg3 Qf1+ 43. Kh2 Rf5 44. Qxg6 Qf4+ 45. Kh1
Qxe5 46. Rd8+ Rf8 47. Rd7 Rf1# 0-1

[Event "NK Senioren 2024"]
[Site "Dieren, Netherlands"]
[Date "2024.07.18"]
[Round "6"]
[White "Schouten, Nico"]
[Black "Boersma, Jan"]
[Result "1/2-1/2"]
[WhiteElo "2094"]
[BlackElo "2041"]
[PlyCount "75"]
[EventDate "2024.??.??"]

1. d4 Nf6 2. c4 g6 3. Nc3 Bg7 4. Nf3 O-O 5. e3 c5 6. Be2 cxd4 7. exd4 d5 8. O-O
Nc6 9. Ne5 Be6 10. Nxc6 bxc6 11. c5 Ne4 12. Na4 Bd7 13. f3 Nf6 14. b4 Ne8 15.
f4 Nf6 16. Rb1 Ne4 17. Be3 Rb8 18. Qc1 Qc8 19. Nc3 Bf5 20. Rb2 Rd8 21. Rd1 Qc7
22. Nxe4 Bxe4 23. a4 f6 24. Qd2 e5 25. b5 Bh6 26. Rf1 Re8 27. g3 Re7 28. bxc6
Rxb2 29. Qxb2 Qxc6 30. Qb5 Qc8 31. Bf3 exf4 32. Bxf4 Bxf4 33. gxf4 Bxf3 34.
Rxf3 Qg4+ 35. Kf2 Qh4+ 36. Kg2 Qg4+ 37. Kf2 Qh4+ 38. Kg2 1/2-1/2